Stolice Europy - Statystyki

Ogólne statystyki
  • Ten quiz został rozwiązany 54 razy
  • Średni wynik to 35 z 45
Statystyki odpowiedzi
Państwo Stolica % Poprawnych
Belgia Bruksela
90%
Ukraina Kijów
90%
Dania Kopenhaga
90%
Norwegia Oslo
90%
Czechy Praga
90%
Polska Warszawa
90%
Watykan Watykan
90%
Holandia Amsterdam
86%
Andora Andora
86%
Grecja Ateny
86%
Niemcy Berlin
86%
Rumunia Bukareszt
86%
Irlandia Dublin
86%
Portugalia Lizbona
86%
Wielka Brytania Londyn
86%
Hiszpania Madryt
86%
Białoruś Mińsk
86%
Francja Paryż
86%
Włochy Rzym
86%
San Marino San Marino
86%
Bułgaria Sofia
86%
Austria Wiedeń
86%
Węgry Budapeszt
81%
Monako Monako
81%
Rosja Moskwa
81%
Litwa Wilno
81%
Chorwacja Zagrzeb
81%
Finlandia Helsinki
76%
Luksemburg Luksemburg
76%
Estonia Tallinn
76%
Albania Tirana
76%
Islandia Reykjavik
71%
Szwecja Sztokholm
71%
Malta Valletta
71%
Szwajcaria Berno
67%
Łotwa Ryga
67%
Bośnia iHercegowina Sarajewo
67%
Słowacja Bratysława
62%
Czarnogóra Podgorica
62%
MacedoniaPółnocna Skopje
62%
Serbia Belgrad
57%
Słowenia Lublana
57%
Liechtenstein Vaduz
57%
Mołdawia Kiszyniów
52%
Kosowo Prisztina
52%
Nie znaleziono quizów pasujących do podanych kryteriów
Rozkład punktacji
Procent ludzi z każdym wynikiem
Percentyl według liczby udzielonych odpowiedzi
Twoja historia wyników
Nie rozwiązałeś tego quizu